000
00305nam a22001337a 4500
008
180918b xxu||||| |||| 00| 0 eng d
020
_a
9780321584205
041
_a
eng
080
_2
10 ed
_a
579
100
_a
11
101
_a
MIC
245
_a
Microbiology An Introduction
_c
CaseT
942
_2
udc
_c
BK
999
_c
47891
_d
47891